000 00431nam a2200181Ia 4500
005 20240823022244.0
008 240823s9999||||xx |||||||||||||| ||und||
041 _aENGLISH
082 _A310 M0
100 _aElhance D N
245 0 _aFundamentals of statistics
250 _a22nd
260 _c1980
_b"Kitab Mahal,Allahabad"
500 _aTransfered
650 _aStatistics
_bMathematics
942 _cBK
999 _c178727
_d178727